Poemas viejos y atorrantes /

Guardado en:
Autor Principal: Giorlandini, Eduardo
Formato: Libro
Publicado: Buenos Aires : Printex, 1995
Materias:
Etiquetas: Agregar Etiqueta
Sin Etiquetas, Sea el primero en etiquetar este registro!
LEADER 00518nam a22001695a 4500
001 EHU.bham020057
003 AR-BHAM
005 20101202183320.0
008 130507s1995##################000#0#####d
082 A 8 |a 861.4 
100 1 |a Giorlandini, Eduardo 
245 1 0 |a Poemas viejos y atorrantes /  |c Eduardo Giorlandini 
260 |a Buenos Aires :  |b Printex,  |c 1995 
300 |a 45 p. 
500 |a Ilustraciones De Roberto Selles 
653 |a Poesia argentina-1911- 
859 |a AR-BHAM  |b BIB. HUMANIDADES - General  |h A861.4  |i G437  |k A  |p 71.96  |t Ej.1